Organizational Behavior. (Record no. 349899)

000 -LEADER
fixed length control field 00627nam a22002417a 4500
003 - CONTROL NUMBER IDENTIFIER
control field OSt
005 - DATE AND TIME OF LATEST TRANSACTION
control field 20180116183002.0
008 - FIXED-LENGTH DATA ELEMENTS--GENERAL INFORMATION
fixed length control field 150324b xxu||||| |||| 00| 0 eng d
020 ## - INTERNATIONAL STANDARD BOOK NUMBER
International Standard Book Number 9788126541270
022 ## - INTERNATIONAL STANDARD SERIAL NUMBER
International Standard Serial Number 9788126541270
040 ## - CATALOGING SOURCE
Transcribing agency 0
050 ## - LIBRARY OF CONGRESS CALL NUMBER
Classification number 658.3
082 ## - DEWEY DECIMAL CLASSIFICATION NUMBER
Classification number 658.3
100 ## - MAIN ENTRY--PERSONAL NAME
Personal name Schermerhorn,John R.
245 ## - TITLE STATEMENT
Title Organizational Behavior.
Remainder of title International Student Version.
Statement of responsibility, etc. John R.Schermerhorn,Jr
250 ## - EDITION STATEMENT
Edition statement 12th.
260 ## - PUBLICATION, DISTRIBUTION, ETC.
Place of publication, distribution, etc. New Delhi
Name of publisher, distributor, etc. WILEY
Date of publication, distribution, etc. 2012
300 ## - PHYSICAL DESCRIPTION
Extent 130p.
500 ## - GENERAL NOTE
General note Paper Cover
600 ## - SUBJECT ADDED ENTRY--PERSONAL NAME
Personal name Schermerhorn,John R.
700 ## - ADDED ENTRY--PERSONAL NAME
Personal name Schermerhorn,John R.
942 ## - ADDED ENTRY ELEMENTS (KOHA)
Source of classification or shelving scheme
Koha item type Book
Call number prefix 658.3
Holdings
Withdrawn status Lost status Source of classification or shelving scheme Damaged status Not for loan Collection code Permanent Location Current Location Shelving location Date acquired Total Checkouts Full call number Barcode Date last seen Date last checked out Price effective from Koha item type
            Central Library (CL) Central Library (CL) General Stacks 03/24/2015 1 658.3 SCH NBS9182 07/13/2015 03/31/2015 03/24/2015 Book
            Central Library (CL) Central Library (CL) General Stacks 03/31/2015   658.3 SCH NBS9183 03/31/2015   03/31/2015 Book
© 2023 Central Library, National University of Sciences and Technology. All Rights Reserved.